00246nam a2200109Ia 4500008004100000100001900041245001200060260001800072650002200090942000700112999001700119190216s9999||||xx |||||||||||||| ||und|| aVivekanandan G 0aMattoli bCurrent Books aMalayalam Nadakam cBK c24283d24283